Financial Modeling (Record no. 228771)
[ view plain ]
| 000 -LEADER | |
|---|---|
| fixed length control field | 01787nam a22002057a 4500 |
| 005 - DATE AND TIME OF LATEST TRANSACTION | |
| control field | 20230912155022.0 |
| 008 - FIXED-LENGTH DATA ELEMENTS--GENERAL INFORMATION | |
| fixed length control field | 230912b ||||| |||| 00| 0 eng d |
| 020 ## - INTERNATIONAL STANDARD BOOK NUMBER | |
| International Standard Book Number | 9788195895045 |
| 040 ## - CATALOGING SOURCE | |
| Transcribing agency | AL |
| 041 ## - LANGUAGE CODE | |
| Language code of text/sound track or separate title | eng |
| 082 ## - DEWEY DECIMAL CLASSIFICATION NUMBER | |
| Edition number | 23 |
| Classification number | 658.151 |
| Item number | PANF |
| 100 ## - MAIN ENTRY--PERSONAL NAME | |
| Personal name | Fairy Panchal |
| 9 (RLIN) | 133473 |
| 245 ## - TITLE STATEMENT | |
| Title | Financial Modeling |
| Remainder of title | : step -by-step guide to building your first financial model and value companies from scratch.. |
| 260 ## - PUBLICATION, DISTRIBUTION, ETC. | |
| Name of publisher, distributor, etc. | Zebra Learn |
| Date of publication, distribution, etc. | 2022 |
| 300 ## - PHYSICAL DESCRIPTION | |
| Extent | 261p. |
| Other physical details | HB |
| Dimensions | 21x15cm. |
| 365 ## - TRADE PRICE | |
| Source of price type code | General |
| Price type code | #INV-77677 |
| Currency code | ₹ |
| Unit of pricing | ₹998.75 |
| Price effective from | 30/08/2023 |
| 520 ## - SUMMARY, ETC. | |
| Summary, etc. | This book is the ultimate tool for young finance professionals & aspirants looking to break into the financial industry. Financial modeling is considered one of the key skills for any finance role especially because it helps take financial decisions & build strategies. Learn to build financial models from scratch with our step-by-step guide. This book is not a theory book, it's a hands-on boot camp where you work on a real company and build a real financial model as you read. Detailed instructions, downloadable templates, and embedded video course make this book beginner-friendly and 100% actionable. You start with building a solid foundation, extracting raw data & understanding the balance sheet, income statement, and cash flow statements. After that, you move to such as discounted cash flow (DCF) modeling and valuation techniques - key elements of a model. This book is a must-read for young finance professionals and aspirants seeking a career in investment banking, financial analysis, and portfolio management. Boost your resume and gain a competitive edge in the industry with the skills and knowledge gained from this book. |
| 650 ## - SUBJECT ADDED ENTRY--TOPICAL TERM | |
| Source of heading or term | Financial Management |
| Topical term or geographic name entry element | Management |
| 9 (RLIN) | 133474 |
| 942 ## - ADDED ENTRY ELEMENTS (KOHA) | |
| Source of classification or shelving scheme | Dewey Decimal Classification |
| Koha item type | Book |
| Withdrawn status | Lost status | Source of classification or shelving scheme | Damaged status | Not for loan | Collection code | Home library | Current library | Date acquired | Source of acquisition | Total Checkouts | Full call number | Barcode | Date last seen | Date last checked out | Cost, replacement price | Price effective from | Koha item type |
|---|---|---|---|---|---|---|---|---|---|---|---|---|---|---|---|---|---|
| Dewey Decimal Classification | MCom Finance & Analytics | St Aloysius PG Library | St Aloysius PG Library | 09/09/2023 | Zebra Learn | 1 | 658.151 PANF | PG024398 | 02/06/2024 | 09/18/2023 | 998.75 | 09/12/2023 | Book |